00321 2200133 4500001002100000005001500021035002000036245003800056100001500094260003400109082000800143084001400151990002200165INLIS00000000000247920250604110516 a0010-06250000651 aRaden Haryo Bangsal /cH. Sunardi0 aH. Sunardi aSolo :bTiga Serangkai,c2000 a800 a800 H. r a000088 s/d 000090